000
00338 a2200133 4500
000
nam a22 7a 4500
100
_a
Singh,Mohini
110
_a
Singh,Mohini
245
_a
Health and Longevity Through Ayurveda, Yoga and Nature Cure
250
_a
latest edition
260
_b
Oxford
_c
2025
264
_b
Oxford
_c
2025
942
_c
BK
999
_c
396239
_d
396239